000
00254nam a22001097a 4500
003
SGT
005
20260702091645.0
245
_a
JOURNAL OF MINIMAL ACCESS SURGERY
260
_a
INDIA
_b
WOLTERS KLUWER
_c
2018 TO 2020
300
_a
364,361,450
942
_2
ddc
_c
BV
999
_c
34995
_d
34995